000 00293nam a22001337a 4500
008 181101b xxu||||| |||| 00| 0 eng d
020 _a42096
041 _aeng
080 _a574
100 _a9
101 _aMJE
245 _aDevelopment in Flowering Plants
_cTorrey, J.G
942 _2udc
_cBK
999 _c51539
_d51539